| 000 | 00461 a2200121 4500 | ||
|---|---|---|---|
| 001 | ART_49093 | ||
| 005 | 20260410162019.0 | ||
| 008 | 260409a | ||
| 245 | 1 | 0 | _aAspectos procesales de las acciones de privación, suspensión y rehabilitación de la responsabilidad parental |
| 100 | 1 | _aOlmo, Juan P. | |
| 700 | 1 | _aScasserra, Selene I. | |
| 773 | 0 |
_tTemas de derecho de familia, sucesiones y bioética _g- Año 4, N° 6 (jun. 2019) _wREV41029 |
|
| 999 |
_c32902 _d32902 |
||